| 000 | 01372nam a2200433 a 4500 | ||
|---|---|---|---|
| 005 | 20160114045003.0 | ||
| 008 | 160114t2009 ck ||||gr|||| 00| 0 spa d | ||
| 020 | _a9781934151341 | ||
| 040 |
_aCO-BoIAVH _cCO-BoIAVH |
||
| 041 | _aeng | ||
| 082 | 4 |
_a333.9522 _bM68p |
|
| 100 | 1 | _aMittermeier, Russell A. | |
| 245 | 1 |
_aPrimates in peril _bthe worlds 25 most endangered primates 2008-2010 |
|
| 260 |
_aArlington _bConservation International _c2009 |
||
| 300 |
_a84 paginas.: _bilustraciones; _c28 x 21 cm. |
||
| 650 | 4 | _aPrimates | |
| 650 | 4 | _aEspecies en peligro | |
| 650 | 4 |
_aÁfrica _xPrimates |
|
| 650 | 4 |
_aAsia _xPrimates |
|
| 662 | _aMadagascar | ||
| 662 | _aAfrica | ||
| 662 | _aAsia | ||
| 662 | _cRegión neotropical | ||
| 700 | 1 | _aWallis, Janette | |
| 700 | 1 | _aRylands, Anthony B. | |
| 700 | 1 | _aGanzhorn, Jorg U. | |
| 700 | 1 | _aOates, John F. | |
| 700 | 1 | _aWilliamson, Elizabeth A. | |
| 700 | 1 | _aPalacios, Erwin | |
| 700 | 1 | _aHeyman, Eckhard W. | |
| 700 | 1 | _aKierulff, M.Cecilia M. | |
| 700 | 1 | _aYongcheng, Long | |
| 700 | 1 | _aSupriatna, Jatna | |
| 700 | 1 | _aRoos, Christian | |
| 700 | 1 | _aWalker, Sally | |
| 700 | 1 | _aCortés Ortiz, Liliana | |
| 700 | 1 | _aSchwitzer, Chrstoph | |
| 942 |
_cLIBRO _2ddc |
||
| 999 |
_c7146 _d7146 |
||